Statistics for TNA / Impact Wrestling - Firsts

Click here to take the quiz!

General Stats

  • This quiz has been taken 68 times
  • The average score is 12 of 18

Answer Stats

First...Wrestler% Correct
TNA / Impact World Heavyweight ChampionKurt Angle
96%
Legends ChampionBooker T
92%
Full Metal Mayhem match winnerAbyss
88%
X-Division ChampionAJ Styles
88%
Hall of Fame inducteeSting
87%
Knockouts ChampionGail Kim
85%
King of the Mountain match winnerJeff Jarrett
83%
Bound for Glory Series winnerBobby Roode
79%
TNA / Impact World Tag Team ChampionBrother Ray
77%
TNA / Impact World Tag Team ChampionBrother Devon
75%
Knockouts Tag Team ChampionTaylor Wilde
60%
Knockouts Tag Team ChampionSarita
50%
Grand ChampionAron Rex
44%
Lethal Lockdown match winning teamBG James
40%
Ultimate X match winnerMichael Shane
37%
Monster's Ball match winnerMonty Brown
35%
Lethal Lockdown match winning teamSean Waltman
31%
Lethal Lockdown match winning teamDiamond Dallas Page
29%

Score Distribution

Percentile by Number Answered

Percent of People with Each Score

Your Score History

You have not taken this quiz